Normal view
MARC view
- MANOJ THOMAS
Entry Personal Name
001 - CONTROL NUMBER
- control field: 3569
003 - CONTROL NUMBER IDENTIFIER
- control field: OSt
005 - DATE AND TIME OF LATEST TRANSACTION
- control field: 20181006124809.0
008 - FIXED-LENGTH DATA ELEMENTS
- fixed length control field: 181006|| aca||aabn | a|a d
040 ## - CATALOGING SOURCE
- Original cataloging agency: OSt
- Transcribing agency: OSt
100 ## - HEADING--PERSONAL NAME
- Personal name: MANOJ THOMAS
670 ## - SOURCE DATA FOUND
- Source citation: Work cat.: (OSt)14939: MANOJ THOMAS NANDAKUMARAN UNNY M SREERAG P.M, Ergonomic evaluation of coconut climbers and refinement of tnau climber
